| 000 | 00698nam a2200229 i 4500 | ||
|---|---|---|---|
| 001 | 82688 | ||
| 003 | ES-MaACL | ||
| 005 | 20230906174721.0 | ||
| 007 | t| | ||
| 008 | 041111s1920 it ||||1| ita d | ||
| 100 | 1 |
_aInama, Vigilio. _965228 |
|
| 245 | 1 | 0 |
_aLetteratura greca / _cVigilio Inama. |
| 250 |
_a19ยช ed. amp., accresciuta e in parte rifatta _bda Domenico Bassi ed Emidio Martini. |
||
| 260 |
_aMilano : _bUlrico Hoepli, _c1920 ( _fTip. Sociali) |
||
| 300 |
_aXIX, 348 p. ; _c15 cm. |
||
| 490 | 1 | _aManuali Hoepli | |
| 700 | 1 |
_aBassi, Domenico. _926318 |
|
| 700 | 1 |
_aMartini, Emidio. _978494 |
|
| 830 | 0 |
_aManuali Hoepli _9180782 |
|
| 852 |
_aES-MaACL _jD-4258 |
||
| 999 |
_c82688 _d82688 |
||